[Event "HUN-chT 9899"]
[Site "Hungary"]
[Date "1999.??.??"]
[Round "?"]
[White "Dely, Peter"]
[Black "Csonka, Attila Istvan"]
[Result "1-0"]
[WhiteElo "2395"]
[BlackElo "2120"]
[PlyCount "71"]
[EventDate "1998.??.??"]
[EventType "team"]
[EventRounds "12"]
[EventCountry "HUN"]
[SourceTitle "EXT 2000"]
[Source "ChessBase"]
[SourceDate "1999.11.16"]
[SourceVersion "1"]
[SourceVersionDate "1999.11.16"]
[SourceQuality "1"]

1. d4 Nf6 2. Nf3 e6 3. e3 b6 4. Bd3 Ba6 5. c4 c5 6. 0-0 Qc7 7. b3 Bb7 8. Nc3 Be7 9. Bb2 d6 10. d5 e5 11. e4 h6 12. Ne1 g5 13. Nc2 Nbd7 14. Ne3 Nf8 15. Nf5 Ng6 16. a3 Bc8 17. Nb5 Qd8 18. Re1 a6 19. Nc3 g4 20. b4 h5 21. Qc2 Nh7 22. Nd1 Bxf5 23. exf5 Nf4 24. Ne3 Bf6 25. Rab1 0-0 26. Bc3 Kh8 27. bxc5 bxc5 28. Rb7 Ng5 29. Bf1 Rg8 30. Kh1 Qf8 31. Rd7 Nf3 32. Rb1 Qg7 33. g3 h4 34. gxf4 Qh6 35. Qe4 Nxh2 36. Rxd6 1-0

[Event "HUN-chT 9899"]
[Site "Hungary"]
[Date "1999.??.??"]
[Round "?"]
[White "Dely, Peter"]
[Black "Hardicsay, Peter"]
[Result "1/2-1/2"]
[WhiteElo "2395"]
[BlackElo "2320"]
[PlyCount "36"]
[EventDate "1998.??.??"]
[EventType "team"]
[EventRounds "12"]
[EventCountry "HUN"]
[SourceTitle "EXT 2000"]
[Source "ChessBase"]
[SourceDate "1999.11.16"]
[SourceVersion "1"]
[SourceVersionDate "1999.11.16"]
[SourceQuality "1"]

1. e4 c5 2. Nf3 Nc6 3. d4 cxd4 4. Nxd4 Nf6 5. Nc3 e5 6. Ndb5 d6 7. Bg5 a6 8. Na3 b5 9. Nd5 Be7 10. Bxf6 Bxf6 11. c3 Bg5 12. Nc2 0-0 13. a4 bxa4 14. Rxa4 a5 15. g3 Bb7 16. Bg2 Ne7 17. Nce3 Bxe3 18. Nxe3 Bc6 1/2-1/2

[Event "HUN-chT 9798"]
[Site "Hungary"]
[Date "1998.??.??"]
[Round "?"]
[White "Dely, Peter"]
[Black "Karolyi, Tibor Jr"]
[Result "0-1"]
[WhiteElo "2410"]
[BlackElo "2390"]
[PlyCount "80"]
[EventDate "1997.??.??"]
[EventType "team"]
[EventRounds "12"]
[EventCountry "HUN"]
[SourceTitle "EXT 2000"]
[Source "ChessBase"]
[SourceDate "1999.11.16"]
[SourceVersion "1"]
[SourceVersionDate "1999.11.16"]
[SourceQuality "1"]

1. e4 c6 2. d4 d5 3. exd5 cxd5 4. c3 Nc6 5. Nf3 Bg4 6. Be2 e6 7. Ne5 Nxe5 8. dxe5 Bxe2 9. Qxe2 Rc8 10. Nd2 Bc5 11. Nf3 Ne7 12. 0-0 Nf5 13. Bg5 Qd7 14. Nh4 Nxh4 15. Bxh4 Qa4 16. Bg5 h6 17. Be3 0-0 18. Bxc5 Rxc5 19. Rfd1 Rc4 20. f3 Qa6 21. h3 Rfc8 22. Kh2 b5 23. a3 Qb6 24. Rd3 a5 25. Rf1 b4 26. cxb4 axb4 27. f4 Rc2 28. Qh5 Rxb2 29. Rg3 Rcc2 30. Qg4 g6 31. axb4 Qxb4 32. Qh4 Qe4 33. Rff3 Kh7 34. Qe7 Qf5 35. Rg4 Rf2 36. Rxf2 Rxf2 37. Kg3 Rf1 38. Qa7 h5 39. Rh4 Kg7 40. Qa6 Rc1 0-1

[Event "HUN-chT 9798"]
[Site "Hungary"]
[Date "1998.??.??"]
[Round "?"]
[White "Vigh, Bela"]
[Black "Dely, Peter"]
[Result "1/2-1/2"]
[WhiteElo "2390"]
[BlackElo "2410"]
[PlyCount "91"]
[EventDate "1997.??.??"]
[EventType "team"]
[EventRounds "12"]
[EventCountry "HUN"]
[SourceTitle "EXT 2000"]
[Source "ChessBase"]
[SourceDate "1999.11.16"]
[SourceVersion "1"]
[SourceVersionDate "1999.11.16"]
[SourceQuality "1"]

1. d4 Nf6 2. c4 e6 3. Nc3 Bb4 4. e3 0-0 5. a3 Bxc3+ 6. bxc3 c5 7. Ne2 Nc6 8. Ng3 b6 9. e4 Ne8 10. d5 Na5 11. Bd3 Qh4 12. 0-0 Nf6 13. h3 d6 14. Rb1 Ba6 15. Qe2 Nd7 16. Qa2 exd5 17. Rd1 Ne5 18. Bf1 dxc4 19. Rxd6 Rad8 20. Rxd8 Rxd8 21. Be3 Bb7 22. Re1 Nd3 23. Re2 Re8 24. Nf5 Qf6 25. f3 Qxc3 26. Bd2 Qf6 27. Bxa5 Nc1 28. Qxc4 Nxe2+ 29. Bxe2 bxa5 30. Qb5 Qc6 31. Qxa5 Qb6 32. Qc3 f6 33. Bc4+ Kh8 34. h4 Bc8 35. Ne3 Be6 36. h5 h6 37. Bxe6 Rxe6 38. Nd5 Qd6 39. Qc4 f5 40. Nf4 Rxe4 41. fxe4 Qxf4 42. Qxc5 Qxe4 43. Qxa7 Qe1+ 44. Kh2 Qh4+ 45. Kg1 Qe1+ 46. Kh2 1/2-1/2

[Event "HUN-chT 9899"]
[Site "Hungary"]
[Date "1998.??.??"]
[Round "?"]
[White "Zila, Laszlo"]
[Black "Dely, Peter"]
[Result "1/2-1/2"]
[WhiteElo "2265"]
[BlackElo "2395"]
[PlyCount "69"]
[EventDate "1998.??.??"]
[EventType "team"]
[EventRounds "12"]
[EventCountry "HUN"]
[SourceTitle "EXT 2000"]
[Source "ChessBase"]
[SourceDate "1999.11.16"]
[SourceVersion "1"]
[SourceVersionDate "1999.11.16"]
[SourceQuality "1"]

1. e4 c6 2. d4 d5 3. Nd2 dxe4 4. Nxe4 Bf5 5. Ng3 Bg6 6. h4 h6 7. Nf3 Nd7 8. h5 Bh7 9. Bd3 Bxd3 10. Qxd3 Qc7 11. Bd2 e6 12. 0-0-0 Ngf6 13. Ne4 0-0-0 14. g3 Nc5 15. Nxc5 Bxc5 16. Bf4 Bd6 17. Be5 Bxe5 18. Nxe5 c5 19. Qc4 Rxd4 20. Rxd4 cxd4 21. Qxc7+ Kxc7 22. Rh4 Rd8 23. Nxf7 Rd5 24. g4 Nd7 25. Kd2 Ne5 26. Nxe5 Rxe5 27. Kd3 Kc6 28. f4 Rb5 29. b3 Kd5 30. Rh2 Rc5 31. Re2 Rc3+ 32. Kd2 Rf3 33. Re5+ Kd6 34. Re4 Kd5 35. Re5+ 1/2-1/2

[Event "HUN-chT 9798"]
[Site "Hungary"]
[Date "1997.??.??"]
[Round "?"]
[White "Kubacsny, Laszlo"]
[Black "Dely, Peter"]
[Result "0-1"]
[WhiteElo "2365"]
[BlackElo "2410"]
[PlyCount "56"]
[EventDate "1997.??.??"]
[EventType "team"]
[EventRounds "12"]
[EventCountry "HUN"]
[SourceTitle "EXT 2000"]
[Source "ChessBase"]
[SourceDate "1999.11.16"]
[SourceVersion "1"]
[SourceVersionDate "1999.11.16"]
[SourceQuality "1"]

1. e4 c5 2. Nf3 d6 3. d4 cxd4 4. Nxd4 Nf6 5. Nc3 a6 6. f4 Qc7 7. Bd3 g6 8. Qf3 Bg7 9. Nb3 0-0 10. 0-0 Nc6 11. h3 b5 12. g4 b4 13. Ne2 Bb7 14. Be3 Nd7 15. Rae1 e6 16. Nbd4 Nxd4 17. Nxd4 e5 18. Ne2 exf4 19. Nxf4 Nc5 20. Rf2 Rae8 21. Nd5 Bxd5 22. exd5 Nxd3 23. cxd3 Qa5 24. b3 f5 25. Ref1 f4 26. Bc1 Bd4 27. Kh2 Bxf2 28. Rxf2 Qc5 0-1

[Event "HUN-chT2 9596"]
[Site "Hungary"]
[Date "1995.??.??"]
[Round "3"]
[White "Dely, Peter"]
[Black "Husek, Zdenek"]
[Result "1-0"]
[WhiteElo "2405"]
[BlackElo "2265"]
[PlyCount "103"]
[EventDate "1995.??.??"]
[EventType "team"]
[EventRounds "11"]
[EventCountry "HUN"]
[SourceTitle "EXT 2000"]
[Source "ChessBase"]
[SourceDate "1999.11.16"]
[SourceVersion "1"]
[SourceVersionDate "1999.11.16"]
[SourceQuality "1"]

1. e4 e5 2. Nf3 d6 3. d4 Nf6 4. dxe5 Nxe4 5. Qd5 Nc5 6. Bg5 Qd7 7. exd6 Bxd6 8. Nc3 Qe6+ 9. Be3 Qxd5 10. Nxd5 Nba6 11. 0-0-0 0-0 12. Nd2 Be6 13. Nc4 Bxd5 14. Nxd6 Bc6 15. Nb5 b6 16. Bxc5 Nxc5 17. Nxc7 Rad8 18. Rxd8 Rxd8 19. f3 Rd7 20. Na6 Nxa6 21. Bxa6 g6 22. Rd1 Re7 23. Rd6 Ba4 24. b3 Bd7 25. Kd2 Kg7 26. c4 Be6 27. Rd8 Rc7 28. Rb8 Rd7+ 29. Ke3 Bf5 30. c5 bxc5 31. Bc4 h5 32. Rb5 Rc7 33. Kf4 Kf6 34. h4 Bc8 35. g4 hxg4 36. fxg4 Ba6 37. Ra5 Bxc4 38. bxc4 Rc6 39. Ke4 Re6+ 40. Kd5 Re5+ 41. Kd6 g5 42. hxg5+ Rxg5 43. Rxa7 Rxg4 44. Kxc5 Ke6 45. a4 f5 46. a5 f4 47. Rh7 f3 48. Rh1 Kd7 49. a6 Rg5+ 50. Kb6 Rg6+ 51. Kb7 f2 52. a7 1-0

[Event "HUN-chT2 9596"]
[Site "Hungary"]
[Date "1995.??.??"]
[Round "1"]
[White "Dely, Peter"]
[Black "Toth, Janos"]
[Result "1-0"]
[WhiteElo "2405"]
[BlackElo "2255"]
[PlyCount "61"]
[EventDate "1995.??.??"]
[EventType "team"]
[EventRounds "11"]
[EventCountry "HUN"]
[SourceTitle "EXT 2000"]
[Source "ChessBase"]
[SourceDate "1999.11.16"]
[SourceVersion "1"]
[SourceVersionDate "1999.11.16"]
[SourceQuality "1"]

1. e4 e5 2. Nf3 Nc6 3. Bb5 a6 4. Ba4 Nf6 5. 0-0 b5 6. Bb3 Bc5 7. c3 d6 8. d4 Bb6 9. Bg5 Qe7 10. a4 Bb7 11. axb5 axb5 12. Rxa8+ Bxa8 13. Nh4 0-0 14. Nf5 Qd8 15. Qf3 exd4 16. Nh6+ Kh8 17. Bxf6 Qxf6 18. Nxf7+ Rxf7 19. Bxf7 Qxf3 20. gxf3 Ne5 21. Bd5 c6 22. Ba2 Nxf3+ 23. Kg2 Ne5 24. Rd1 c5 25. Bd5 Bxd5 26. exd5 dxc3 27. Nxc3 b4 28. Nb5 Nc4 29. Ra1 h6 30. Ra6 b3 31. Nxd6 1-0

[Event "HUN-chT"]
[Site "Hungary"]
[Date "1993.??.??"]
[Round "?"]
[White "Dely, Peter"]
[Black "Banas, Jan"]
[Result "1/2-1/2"]
[WhiteElo "2425"]
[BlackElo "2375"]
[PlyCount "33"]
[EventDate "1993.??.??"]
[EventType "team"]
[EventRounds "13"]
[EventCountry "HUN"]
[SourceTitle "TD"]
[Source "ChessBase"]
[SourceDate "1994.03.01"]
[SourceVersion "1"]
[SourceVersionDate "1994.03.01"]
[SourceQuality "1"]

1. e4 c5 2. Nf3 Nc6 3. d4 cxd4 4. Nxd4 Nf6 5. Nc3 d6 6. Be2 g6 7. 0-0 Bg7 8. Nb3 0-0 9. Bg5 Be6 10. Kh1 h6 11. Be3 d5 12. exd5 Nxd5 13. Nxd5 Qxd5 14. Nc5 Bxb2 15. c4 Qxd1 16. Raxd1 Bc8 17. Bxh6 1/2-1/2

[Event "HUN-chT"]
[Site "Hungary"]
[Date "1993.??.??"]
[Round "?"]
[White "Dely, Peter"]
[Black "Horvath, Csaba"]
[Result "1/2-1/2"]
[WhiteElo "2425"]
[BlackElo "2515"]
[PlyCount "47"]
[EventDate "1993.??.??"]
[EventType "team"]
[EventRounds "13"]
[EventCountry "HUN"]
[SourceTitle "TD"]
[Source "ChessBase"]
[SourceDate "1994.03.01"]
[SourceVersion "1"]
[SourceVersionDate "1994.03.01"]
[SourceQuality "1"]

1. Nf3 Nf6 2. g3 g6 3. Bg2 Bg7 4. 0-0 0-0 5. d4 d6 6. Nbd2 Nc6 7. Re1 e5 8. dxe5 dxe5 9. e4 Qe7 10. c3 a5 11. a4 b6 12. Nc4 Ba6 13. Bf1 Bb7 14. Qc2 Rfd8 15. Bd2 h6 16. Rad1 Kh7 17. Bc1 Rxd1 18. Qxd1 Rd8 19. Qc2 Qe6 20. Bg5 Qg4 21. Bxf6 Bxf6 22. Kg2 Bg7 23. Ne3 Qd7 24. Bc4 1/2-1/2

[Event "HUN-chT"]
[Site "Hungary"]
[Date "1993.??.??"]
[Round "?"]
[White "Szuk, Balazs"]
[Black "Dely, Peter"]
[Result "1/2-1/2"]
[WhiteElo "2315"]
[BlackElo "2420"]
[PlyCount "105"]
[EventDate "1993.??.??"]
[EventType "team"]
[EventRounds "13"]
[EventCountry "HUN"]
[SourceTitle "TD"]
[Source "ChessBase"]
[SourceDate "1994.03.01"]
[SourceVersion "1"]
[SourceVersionDate "1994.03.01"]
[SourceQuality "1"]

1. d4 Nf6 2. Bg5 d6 3. Nc3 Nbd7 4. e4 e5 5. Nf3 Be7 6. dxe5 dxe5 7. Bc4 c6 8. a4 0-0 9. 0-0 a5 10. Qe2 h6 11. Bh4 Nh5 12. Bg3 Nxg3 13. hxg3 Bf6 14. Rad1 Qb6 15. Bb3 Nc5 16. Qe3 Qa7 17. Nb1 Nxb3 18. Qxb3 Qc5 19. Qc3 Qb4 20. Qxb4 axb4 21. b3 Be6 22. Ne1 Be7 23. Nd3 f6 24. Nd2 Rfd8 25. Nb2 b5 26. Nf3 bxa4 27. Nxa4 Bc4 28. Rxd8+ Bxd8 29. Rd1 Bb5 30. Ne1 Bxa4 31. Ra1 c5 32. Rxa4 Rxa4 33. bxa4 c4 34. c3 b3 35. Nf3 Ba5 36. Nd2 Bxc3 37. Nxc4 b2 38. Na3 Kf7 39. Kf1 Bb4 40. Nb1 Ke6 41. g4 Kd6 42. Ke2 Kc5 43. Kd3 Be1 44. Ke2 Ba5 45. Kd3 Kb4 46. Kc2 Bb6 47. Kxb2 Bxf2 48. Kc2 Kxa4 49. Nc3+ Kb4 50. Kd3 Kc5 51. Nd5 Kd6 52. Ke2 Bg1 53. Kf3 1/2-1/2

[Event "HUN-chT"]
[Site "Hungary"]
[Date "1992.??.??"]
[Round "?"]
[White "Dely, Peter"]
[Black "Barczay, Laszlo"]
[Result "1/2-1/2"]
[WhiteElo "2430"]
[BlackElo "2350"]
[PlyCount "27"]
[EventDate "1992.??.??"]
[EventType "team"]
[EventRounds "14"]
[EventCountry "HUN"]
[SourceTitle "EXT 2000"]
[Source "ChessBase"]
[SourceDate "1999.11.16"]
[SourceVersion "1"]
[SourceVersionDate "1999.11.16"]
[SourceQuality "1"]

1. d4 d5 2. c4 e6 3. Nc3 c5 4. e3 Nf6 5. Nf3 Nc6 6. cxd5 exd5 7. Be2 Be7 8. 0-0 0-0 9. b3 Ne4 10. Bb2 Bf6 11. Na4 cxd4 12. Nxd4 Bd7 13. Rc1 Nxd4 14. Bxd4 1/2-1/2

[Event "HUN-chT"]
[Site "Hungary"]
[Date "1992.??.??"]
[Round "?"]
[White "Dely, Peter"]
[Black "Kiss, Laszlo"]
[Result "1/2-1/2"]
[WhiteElo "2430"]
[BlackElo "2295"]
[PlyCount "50"]
[EventDate "1992.??.??"]
[EventType "team"]
[EventRounds "14"]
[EventCountry "HUN"]
[SourceTitle "EXT 2000"]
[Source "ChessBase"]
[SourceDate "1999.11.16"]
[SourceVersion "1"]
[SourceVersionDate "1999.11.16"]
[SourceQuality "1"]

1. Nf3 d5 2. c4 c6 3. b3 Nf6 4. Bb2 Bf5 5. g3 e6 6. Bg2 h6 7. 0-0 Nbd7 8. d3 Bc5 9. Nbd2 0-0 10. Qe1 Bh7 11. e4 Qe7 12. a3 dxe4 13. dxe4 e5 14. b4 Bb6 15. c5 Bc7 16. Nh4 Qe6 17. Qe2 g5 18. Nhf3 a5 19. Rfc1 axb4 20. axb4 Ra2 21. Rab1 Rfa8 22. Ne1 b5 23. Nd3 Bg6 24. h3 Ne8 25. Qe3 f6 1/2-1/2

[Event "HUN-chT"]
[Site "Hungary"]
[Date "1992.??.??"]
[Round "3"]
[White "Dely, Peter"]
[Black "Sugar, Karoly"]
[Result "1-0"]
[WhiteElo "2430"]
[BlackElo "2205"]
[PlyCount "41"]
[EventDate "1992.??.??"]
[EventType "team"]
[EventRounds "14"]
[EventCountry "HUN"]
[SourceTitle "EXT 2000"]
[Source "ChessBase"]
[SourceDate "1999.11.16"]
[SourceVersion "1"]
[SourceVersionDate "1999.11.16"]
[SourceQuality "1"]

1. Nf3 d6 2. e4 Nf6 3. Nc3 Bg4 4. h3 Bh5 5. d4 c6 6. Qe2 e6 7. g4 Bg6 8. h4 h6 9. h5 Bh7 10. g5 hxg5 11. Bxg5 Qa5 12. 0-0-0 b5 13. a3 Nbd7 14. d5 b4 15. axb4 Qa1+ 16. Kd2 Qxb2 17. dxe6 fxe6 18. Rb1 Nxe4+ 19. Nxe4 Qxb1 20. Nxd6+ Bxd6 21. Qxe6+ 1-0

[Event "HUN-chT"]
[Site "Hungary"]
[Date "1992.??.??"]
[Round "?"]
[White "Dely, Peter"]
[Black "Tolnai, Tibor"]
[Result "1/2-1/2"]
[WhiteElo "2430"]
[BlackElo "2490"]
[PlyCount "25"]
[EventDate "1992.??.??"]
[EventType "team"]
[EventRounds "14"]
[EventCountry "HUN"]
[SourceTitle "EXT 2000"]
[Source "ChessBase"]
[SourceDate "1999.11.16"]
[SourceVersion "1"]
[SourceVersionDate "1999.11.16"]
[SourceQuality "1"]

1. e4 c5 2. Nf3 d6 3. Bb5+ Bd7 4. Bxd7+ Nxd7 5. 0-0 Ngf6 6. Qe2 e6 7. c3 Be7 8. d4 cxd4 9. cxd4 d5 10. e5 Ne4 11. Nbd2 Nxd2 12. Bxd2 0-0 13. Qb5 1/2-1/2

[Event "Kobanya op"]
[Site "Kobanya"]
[Date "1992.??.??"]
[Round "10"]
[White "Honfi, Karoly"]
[Black "Dely, Peter"]
[Result "1/2-1/2"]
[WhiteElo "2070"]
[BlackElo "2430"]
[PlyCount "66"]
[EventDate "1992.??.??"]
[EventType "swiss"]
[EventRounds "11"]
[EventCountry "HUN"]
[SourceTitle "TD"]
[Source "ChessBase"]
[SourceDate "1994.03.01"]
[SourceVersion "1"]
[SourceVersionDate "1994.03.01"]
[SourceQuality "1"]

1. e4 e6 2. d4 d5 3. Nc3 Bb4 4. e5 b6 5. Qg4 Bf8 6. Bb5+ c6 7. Bd3 Ba6 8. Nf3 Bxd3 9. cxd3 Qd7 10. 0-0 Ne7 11. Ne2 h5 12. Qh3 Na6 13. Bg5 Ng6 14. a3 c5 15. Rfd1 Nb8 16. Rac1 Nc6 17. Qg3 Nce7 18. dxc5 bxc5 19. Nh4 Nxh4 20. Qxh4 Ng6 21. Qg3 Qb7 22. Nf4 h4 23. Qe3 d4 24. Qe2 Nxf4 25. Bxf4 h3 26. gxh3 Be7 27. Rc4 Rxh3 28. Bg3 a5 29. Qg4 Rh7 30. Rd2 g6 31. Qd1 Kf8 32. Qc2 Kg7 33. Re2 Rhh8 1/2-1/2

[Event "HUN-chT"]
[Site "Hungary"]
[Date "1992.??.??"]
[Round "?"]
[White "Navarovszky, Laszlo"]
[Black "Dely, Peter"]
[Result "1/2-1/2"]
[WhiteElo "2340"]
[BlackElo "2430"]
[PlyCount "23"]
[EventDate "1992.??.??"]
[EventType "team"]
[EventRounds "14"]
[EventCountry "HUN"]
[SourceTitle "EXT 2000"]
[Source "ChessBase"]
[SourceDate "1999.11.16"]
[SourceVersion "1"]
[SourceVersionDate "1999.11.16"]
[SourceQuality "1"]

1. d4 Nf6 2. c4 e6 3. Nf3 b6 4. g3 Ba6 5. Qa4 Bb7 6. Bg2 c5 7. 0-0 cxd4 8. Nxd4 Bxg2 9. Kxg2 Qc8 10. Nc3 Be7 11. f3 0-0 12. Rd1 1/2-1/2

[Event "HUN-chT"]
[Site "Hungary"]
[Date "1991.??.??"]
[Round "?"]
[White "Dely, Peter"]
[Black "Ersek, Erno"]
[Result "1-0"]
[WhiteElo "2430"]
[BlackElo "2275"]
[PlyCount "67"]
[EventDate "1991.??.??"]
[EventType "team"]
[EventRounds "9"]
[EventCountry "HUN"]
[SourceTitle "TD"]
[Source "ChessBase"]
[SourceDate "1994.03.01"]
[SourceVersion "1"]
[SourceVersionDate "1994.03.01"]
[SourceQuality "1"]

1. e4 c5 2. Nf3 Nc6 3. d4 cxd4 4. Nxd4 Nf6 5. Nc3 e5 6. Ndb5 d6 7. Bg5 a6 8. Na3 b5 9. Nd5 Be7 10. Bxf6 Bxf6 11. c3 0-0 12. Nc2 Bg5 13. a4 Rb8 14. axb5 axb5 15. Be2 f5 16. exf5 Bxf5 17. Bg4 Qd7 18. Bxf5 Qxf5 19. 0-0 e4 20. Nde3 Bxe3 21. Nxe3 Qc5 22. Ra6 Kh8 23. Qc2 d5 24. b4 Qd6 25. Rd1 Ra8 26. Rxd5 Qxd5 27. Nxd5 Rxa6 28. g3 Ra1+ 29. Kg2 Ne5 30. Qxe4 Nf3 31. Nf4 Ne1+ 32. Kh3 g6 33. Qe5+ Kg8 34. Ne6 1-0

[Event "HUN-chT"]
[Site "Hungary"]
[Date "1989.??.??"]
[Round "1"]
[White "Dely, Peter"]
[Black "Benko, Pal C"]
[Result "1/2-1/2"]
[WhiteElo "2430"]
[BlackElo "2405"]
[PlyCount "24"]
[EventDate "1989.??.??"]
[EventType "team"]
[EventRounds "13"]
[EventCountry "HUN"]
[SourceTitle "EXT 2009"]
[Source "ChessBase"]
[SourceDate "2008.11.26"]
[SourceVersion "1"]
[SourceVersionDate "2008.11.26"]
[SourceQuality "1"]

1. e4 c6 2. d4 d5 3. Nd2 dxe4 4. Nxe4 Nf6 5. Nxf6+ exf6 6. Bc4 Qe7+ 7. Qe2 Be6 8. Bxe6 Qxe6 9. Bf4 Na6 10. 0-0-0 0-0-0 11. Qxe6+ fxe6 12. Nf3 Bd6 1/2-1/2

[Event "HUN-chT 8889"]
[Site "Hungary"]
[Date "1988.??.??"]
[Round "?"]
[White "Dely, Peter"]
[Black "Lorincz, Istvan"]
[Result "1-0"]
[WhiteElo "2430"]
[BlackElo "2325"]
[PlyCount "53"]
[EventDate "1989.??.??"]
[EventType "team"]
[EventRounds "13"]
[EventCountry "HUN"]
[SourceTitle "EXT 2010"]
[Source "ChessBase"]
[SourceDate "2010.11.25"]
[SourceVersion "1"]
[SourceVersionDate "2010.11.25"]
[SourceQuality "1"]

1. e4 c6 2. d4 d5 3. Nd2 dxe4 4. Nxe4 Bf5 5. Ng3 Bg6 6. Nf3 Nd7 7. Bd3 e6 8. 0-0 Ngf6 9. c4 Bxd3 10. Qxd3 Bd6 11. b3 Qc7 12. Re1 0-0 13. Bb2 Rad8 14. Qe2 c5 15. Rad1 cxd4 16. Rxd4 Rfe8 17. Red1 Bxg3 18. hxg3 e5 19. Rd6 e4 20. Qd2 Rb8 21. Qc3 Re7 22. Nh4 Rbe8 23. Nf5 Re5 24. g4 e3 25. Nxe3 Ne4 26. Rxd7 Nxc3 27. Rxc7 1-0

[Event "HUN-chT 8788"]
[Site "Hungary"]
[Date "1987.??.??"]
[Round "?"]
[White "Szell, Lajos"]
[Black "Dely, Peter"]
[Result "1/2-1/2"]
[WhiteElo "2375"]
[BlackElo "2430"]
[PlyCount "79"]
[EventDate "1988.??.??"]
[EventType "team"]
[EventRounds "13"]
[EventCountry "HUN"]
[SourceTitle "EXT 2010"]
[Source "ChessBase"]
[SourceDate "2010.11.25"]
[SourceVersion "1"]
[SourceVersionDate "2010.11.25"]
[SourceQuality "1"]

1. e4 e5 2. Nf3 Nc6 3. Bb5 a6 4. Ba4 Nf6 5. 0-0 Be7 6. Re1 b5 7. Bb3 0-0 8. d3 d6 9. c3 Na5 10. Bc2 c5 11. Nbd2 Nc6 12. Nf1 h6 13. d4 cxd4 14. cxd4 Bg4 15. dxe5 Nxe5 16. Ne3 Bh5 17. Nf5 Re8 18. Bb3 Bf8 19. Bf4 Nxe4 20. Bxe5 Rxe5 21. Bxf7+ Bxf7 22. Nxe5 dxe5 23. Qxd8 Rxd8 24. Rxe4 Rd2 25. b3 Bc5 26. Rxe5 Bxf2+ 27. Kf1 Bb6 28. Re2 Rd8 29. g4 h5 30. h3 Rd3 31. Ne7+ Kh7 32. Kg2 Bc7 33. Rc1 Bf4 34. Rc5 Rg3+ 35. Kf2 Rxh3 36. Rf5 Rh2+ 37. Ke1 Rh1+ 38. Kf2 Rh2+ 39. Ke1 Rh1+ 40. Kf2 1/2-1/2

[Event "CSR-ch50 International"]
[Site "Hradec Kralove"]
[Date "1981.10.22"]
[Round "13"]
[White "Dely, Peter"]
[Black "Lebredo Zaragoitia, Gerardo"]
[Result "1-0"]
[WhiteElo "2415"]
[BlackElo "2345"]
[PlyCount "65"]
[EventDate "1981.10.08"]
[EventType "tourn"]
[EventRounds "15"]
[EventCountry "CSR"]
[EventCategory "9"]
[SourceTitle "MCD"]
[Source "ChessBase"]
[SourceDate "1999.07.01"]
[SourceVersion "1"]
[SourceVersionDate "1999.07.01"]
[SourceQuality "1"]

1. Nf3 Nf6 2. d4 d6 3. g3 Bg4 4. Bg2 Qc8 5. h3 Bd7 6. Nc3 g6 7. e4 Bg7 8. e5 dxe5 9. dxe5 Ng8 10. Bf4 h6 11. h4 Nc6 12. Qe2 Bg4 13. 0-0-0 g5 14. hxg5 hxg5 15. Rxh8 Bxh8 16. Rh1 Bg7 17. Bxg5 Qf5 18. Qe4 Qxe4 19. Nxe4 0-0-0 20. Nc5 b6 21. Nh2 Nxe5 22. Nxg4 bxc5 23. Rh7 Nxg4 24. Bh3 f5 25. Rxg7 Nxf2 26. Bxf5+ Kb8 27. b3 Nf6 28. Rxe7 Nd5 29. Re2 Rg8 30. Bd2 Nh1 31. Be6 Re8 32. Bxd5 Rxe2 33. Bxh1 1-0

[Event "CSR-ch50 International"]
[Site "Hradec Kralove"]
[Date "1981.10.17"]
[Round "9"]
[White "Dely, Peter"]
[Black "Meduna, Eduard"]
[Result "1/2-1/2"]
[WhiteElo "2415"]
[BlackElo "2450"]
[PlyCount "31"]
[EventDate "1981.10.08"]
[EventType "tourn"]
[EventRounds "15"]
[EventCountry "CSR"]
[EventCategory "9"]
[SourceTitle "MCD"]
[Source "ChessBase"]
[SourceDate "1999.07.01"]
[SourceVersion "1"]
[SourceVersionDate "1999.07.01"]
[SourceQuality "1"]

1. e4 c6 2. d4 d5 3. exd5 cxd5 4. c4 Nf6 5. Nc3 e6 6. Nf3 Be7 7. cxd5 Nxd5 8. Bd3 Nc6 9. 0-0 0-0 10. Re1 Bf6 11. Be4 Nce7 12. Ne5 g6 13. Bh6 Bg7 14. Bxg7 Kxg7 15. Qd2 b6 16. h4 1/2-1/2

[Event "CSR-ch50 International"]
[Site "Hradec Kralove"]
[Date "1981.10.15"]
[Round "7"]
[White "Dely, Peter"]
[Black "Jansa, Vlastimil"]
[Result "1/2-1/2"]
[WhiteElo "2415"]
[BlackElo "2495"]
[PlyCount "37"]
[EventDate "1981.10.08"]
[EventType "tourn"]
[EventRounds "15"]
[EventCountry "CSR"]
[EventCategory "9"]
[SourceTitle "MCD"]
[Source "ChessBase"]
[SourceDate "1999.07.01"]
[SourceVersion "1"]
[SourceVersionDate "1999.07.01"]
[SourceQuality "1"]

1. d4 Nf6 2. Nf3 g6 3. g3 Bg7 4. Bg2 0-0 5. 0-0 d6 6. Re1 Bg4 7. h3 Bxf3 8. Bxf3 Nc6 9. d5 Ne5 10. Bg2 c6 11. e4 Rc8 12. c3 Qb6 13. Na3 Rfd8 14. Rb1 Qa6 15. Bf1 Qa5 16. b4 Qc7 17. c4 a6 18. Bb2 Ned7 19. Bg2 1/2-1/2

[Event "CSR-ch50 International"]
[Site "Hradec Kralove"]
[Date "1981.10.09"]
[Round "2"]
[White "Smejkal, Jan"]
[Black "Dely, Peter"]
[Result "1-0"]
[WhiteElo "2535"]
[BlackElo "2415"]
[PlyCount "116"]
[EventDate "1981.10.08"]
[EventType "tourn"]
[EventRounds "15"]
[EventCountry "CSR"]
[EventCategory "9"]
[SourceTitle "MCD"]
[Source "ChessBase"]
[SourceDate "1999.07.01"]
[SourceVersion "1"]
[SourceVersionDate "1999.07.01"]
[SourceQuality "1"]

1. c4 e5 2. Nc3 Bb4 3. Nd5 Ba5 4. b4 c6 5. bxa5 cxd5 6. cxd5 Qxa5 7. Qb3 Nf6 8. Nf3 d6 9. Ba3 Ne4 10. e3 0-0 11. Rc1 Na6 12. Bxa6 Qxa6 13. Rc4 Nc5 14. Bxc5 dxc5 15. e4 Qd6 16. 0-0 b6 17. d3 Bd7 18. Rc2 f5 19. Nd2 f4 20. f3 Kh8 21. a4 Rac8 22. Rfc1 Rc7 23. Qa3 Rfc8 24. Nb3 Qg6 25. a5 Qe8 26. Nd2 Rb8 27. axb6 axb6 28. Qb2 Bb5 29. Rc3 Ba4 30. Nc4 b5 31. Na5 b4 32. Rxc5 Rxc5 33. Rxc5 Qe7 34. Qc1 Qa7 35. Kf1 Qa8 36. Nc6 Bxc6 37. dxc6 b3 38. c7 Rc8 39. Rb5 Qa7 40. Rxb3 Rxc7 41. Qa3 h6 42. Qxa7 Rxa7 43. g3 g5 44. Rb5 Ra3 45. Rd5 Kg7 46. Kg2 Ra2+ 47. Kh3 Rf2 48. Rxe5 Rxf3 49. Rd5 Re3 50. Kg2 fxg3 51. hxg3 g4 52. e5 Kg6 53. d4 Kf5 54. Rd6 Ke4 55. e6 Re2+ 56. Kf1 Kf3 57. d5 Re5 58. Ra6 Kxg3 1-0